000
00252nam a2200109Ia 4500
008
190216s9999||||xx |||||||||||||| ||und||
100
_a
Raja P K S
245
0
_a
Mediaevel Kerala
260
_b
The Nava Kerala Pub Ltd.
650
_a
History
942
_c
BK
999
_c
18620
_d
18620